Vulnerability of widows and justifiability of their social protection from macroeconomic standpoint (Record no. 98162)

000 -LEADER
fixed length control field 01543pab a2200181 454500
008 - FIXED-LENGTH DATA ELEMENTS--GENERAL INFORMATION
fixed length control field 180718b2012 xxu||||| |||| 00| 0 eng d
100 ## - MAIN ENTRY--PERSONAL NAME
Personal name Dutta, Subrata
245 ## - TITLE STATEMENT
Title Vulnerability of widows and justifiability of their social protection from macroeconomic standpoint
260 ## - PUBLICATION, DISTRIBUTION, ETC.
Date of publication, distribution, etc. 2012
300 ## - PHYSICAL DESCRIPTION
Extent p.75-91.
362 ## - DATES OF PUBLICATION AND/OR SEQUENTIAL DESIGNATION
Dates of publication and/or sequential designation Jul-Dec
520 ## - SUMMARY, ETC.
Summary, etc. Widowhood in India is often theorized by scholars as her social death. Thus, her social exclusion or social 'unfreedom 'fosters her economic unfreedom, barring her from participating in woman-friendly employment withinin social and religious spheres. Such unfreedom of widows make them heavily depend on the male and make them the subject of various types of deprivation. Widows need basic support and as they do not usually receive basic support from their family, the state needs to provide them with support in the form of social security. Poor countries in general are reluctant to offer a sizeable basket of social security to its large numbers of socially excluded, poor people. In most cases, high budget constraints stand in the way of building up a required fund. For most of the developing countries, tax revenue as a ratio to GDP is about half the level of industrial countries. The income and wealth of the rich, which are under-taxed due to loopholes and/or poor enforcement of tax laws, can be targeted for broadening the tax base. - Reproduced.
650 ## - SUBJECT ADDED ENTRY--TOPICAL TERM
Topical term or geographic name entry element Widows - India
650 ## - SUBJECT ADDED ENTRY--TOPICAL TERM
Topical term or geographic name entry element Widows
773 ## - HOST ITEM ENTRY
Main entry heading Review of Development and Change
908 ## - PUT COMMAND PARAMETER (RLIN)
Put command parameter N
909 ## -
-- 98163
Holdings
Withdrawn status Lost status Damaged status Not for loan Permanent Location Current Location Date acquired Serial Enumeration / chronology Barcode Date last seen Price effective from Koha item type
        Indian Institute of Public Administration Indian Institute of Public Administration 2018-07-19 Volume no: 17, Issue no: 2 AR98623 2018-07-19 2018-07-19 Articles

Powered by Koha